Kadra reprezentacji Japonii na Mistrzostwa Świata 2026 - Statystyki

Ogólne statystyki
  • Ten quiz został rozwiązany 16 razy
  • Średni wynik to 8 z 26
Statystyki odpowiedzi
Pozycja Klub Zawodnik % Poprawnych
Obrońca Bayern Monachium Hiroki Ito
80%
Pomocnik Genk Junya Itō
80%
Pomocnik Liverpool Wataru Endo
80%
Pomocnik Real Sociedad Takefusa Kubo
73%
Obrońca FC Kopenhaga Junnosuke Suzuki
60%
Napastnik Freiburg Yuito Suzuki
60%
Bramkarz Parma Zion Suzuki
60%
Napastnik Celtic Daizen Maeda
47%
Napastnik Feyenoord Ayase Ueda
40%
Pomocnik Crystal Palace Daichi Kamada
40%
Pomocnik Eintracht Ritsu Doan
40%
Obrońca Ajax Takehiro Tomiyasu
33%
Obrońca FC Tokyo Yūto Nagatomo
33%
Pomocnik Mainz Kaishu Sano
27%
Pomocnik Leeds Ao Tanaka
20%
Obrońca Ajax Ko Itakura
20%
Pomocnik Reims Keito Nakamura
13%
Obrońca Feyenoord Tsuyoshi Watanabe
13%
Obrońca Werder Yukinari Sugawara
13%
Obrońca St. Truiden Shōgo Taniguchi
7%
Obrońca Le Havre Ayumu Seko
0%
Napastnik St. Truiden Keisuke Gotō
0%
Bramkarz Sanfrecce Hiroshima Keisuke Ōsako
0%
Napastnik Wolfsburg Kento Shiogai
0%
Napastnik NEC Nijmegen Kōki Ogawa
0%
Bramkarz Kashima Antlers Tomoki Hayakawa
0%
Nie znaleziono quizów pasujących do podanych kryteriów
Rozkład punktacji
Procent ludzi z każdym wynikiem
Percentyl według liczby udzielonych odpowiedzi
Twoja historia wyników
Nie rozwiązałeś tego quizu